Hogy készül a város költségvetése a háborús esztendőben? Érdekes részletek a pénzügyi bizottság tanácskozásából
Elmentve itt :
| Dokumentumtípus: | Cikk |
|---|---|
| Megjelent: |
1915-08-26
|
| Sorozat: | Délmagyarország
4 No. 206 |
| Kulcsszavak: | Költségvetés Szeged 1915, Pénzügyi helyzet Szeged 1915, Szeged |
| Online Access: | http://dmarchiv.bibl.u-szeged.hu/59307 |
| LEADER | 00557nab a2200145 i 4500 | ||
|---|---|---|---|
| 001 | delm59307 | ||
| 005 | 20180927144634.0 | ||
| 008 | 180927s1915 hu o 0|| hun d | ||
| 040 | |a SZTE Délmagyarország Archívum |b hun | ||
| 041 | |a hun | ||
| 245 | 0 | 0 | |a Hogy készül a város költségvetése a háborús esztendőben? |h [elektronikus dokumentum] : |b Érdekes részletek a pénzügyi bizottság tanácskozásából |
| 260 | |c 1915-08-26 | ||
| 300 | |a 3-4 | ||
| 490 | 0 | |a Délmagyarország |v 4 No. 206 | |
| 695 | |a Költségvetés Szeged 1915, Pénzügyi helyzet Szeged 1915, Szeged | ||